000
00258nam a2200085Ia 4500
008
120527s9999 xx 000 0 und d
100
_a
BPP Proffessional Educat.
245
_a
Intermediate unit 5 maintaining financial records and preparing Accounts
942
_c
BK
999
_c
25786
_d
25786